Adivinhe os países da Europa #1! - Statistics

Estatísticas Gerais
  • Esse quiz foi jogado 76 vezes
  • A pontuação média é 2 de 10
Respostas no mapa
Respostas codificadas por cores de uma escala verde-vermelha no mapa do quiz de acordo com a % correta abaixo.
 
Estatísticas das Respostas
Resposta % Correto
Bosnia
34%
Albania
29%
Grecia
21%
Kosovo
16%
Montenegro
13%
Croacia
11%
Macedonia
11%
Bulgaria
10%
Romenia
10%
Servia
2%
Nenhum quiz correspondente encontrado
Distribuição das Pontuações
Porcentagem de Pessoas com Cada Pontuação
Percentil de Números Respondidos
Sua Pontuação Histórica
Você não jogou esse quiz